Atlas de Anatomía Humana. (Registro nro. 2271)
[ vista simple ]
| 000 -LEADER | |
|---|---|
| fixed length control field | 00949nam a2200241 a 4500 |
| 005 - FECHA ULTIMA MODIFICACION | |
| control field | 20240412121703.0 |
| 008 - CAMPO DE CONTROL (LIBRO) | |
| fixed length control field | 100302t1965||||sp al. f | 001 0 spa d |
| 041 ## - CODIGO DE IDIOMA | |
| Código de idioma del texto/pista de sonido o título separado | spa |
| 092 ## - SIGNATURA TOPOGRAFICA DEWEY LOCAL | |
| número de clasificación | 611 |
| libristica | 80 |
| sección | SPA |
| 100 1# - ENTRADA PRINCIPAL--NOMBRE PERSONAL | |
| Nombre personal | Spalteholz, Werner |
| 9 (RLIN) | 3083 |
| 245 ## - TITULO PROPIAMENTE DICHO | |
| Título | Atlas de Anatomía Humana. |
| Subtítulo y Título paralelo | T.1 Huesos, Articulaciones y Ligamentos / |
| Mención de responsabilidad y remanente de la transcripción de la portada | Werner Spalteholz |
| 250 ## - MENCION DE EDICION | |
| Mención de edición | 2a ed. 2a reimp. versión en español de la 14a ed. alemana |
| Mención de responsabilidad relacionada con la ed. | Traducción E. Pons Tortella ; Revisada y ampliada Santiago Vilahur Pedrals |
| 260 ## - PIE DE IMPRENTA | |
| Lugar de publicación, distribución, etc | Barcelona: |
| Nombre de la editorial, distribuidor, etc | Labor; |
| Fecha de publicación | 1965. |
| 300 ## - DESCRIPCION FISICA | |
| Extension | 1-316 p. |
| Otros detalles físicos | il. 1100 figuras en negro y en color |
| 500 ## - NOTA GENERAL | |
| Nota general | Spalteholz, W. (1965). Atlas de anatomía humana. T.1 Huesos, Articulaciones y Ligamentos. (2a ed.). Barcelona : Labor. |
| 653 ## - TÉRMINO INDIZADO - PALABRAS CLAVES | |
| Palabra clave | Esqueleto |
| 653 ## - TÉRMINO INDIZADO - PALABRAS CLAVES | |
| Palabra clave | Estructura de los huesos |
| 653 ## - TÉRMINO INDIZADO - PALABRAS CLAVES | |
| Palabra clave | Huesos |
| 653 ## - TÉRMINO INDIZADO - PALABRAS CLAVES | |
| Palabra clave | Articulación temporomaxilar |
| 653 ## - TÉRMINO INDIZADO - PALABRAS CLAVES | |
| Palabra clave | Ligamentos |
| 653 ## - TÉRMINO INDIZADO - PALABRAS CLAVES | |
| Palabra clave | Roentgenografías |
| 942 ## - ADDED ENTRY ELEMENTS (KOHA) | |
| Source of classification or shelving scheme | Dewey Decimal Classification |
| Item type | Libros |
| Koha issues (borrowed), all copies | 10 |
| Estado de retiro | Existencia | Fuente de clasificación | Estado general | No para prestamo | Ubicación permanente | ubicación actual | Sala de ubicación | Fecha de adquisición | Fuente de adquisición | Total Checkouts | Número de clasificación | Código de barras | Date last seen | Número de ejemplar | Price effective from | Koha tipo de elemento (item) | Public note | Coded location qualifier |
|---|---|---|---|---|---|---|---|---|---|---|---|---|---|---|---|---|---|---|
| Dewey Decimal Classification | Biblioteca Medicina | Biblioteca Medicina | Circulación | 30/11/2016 | Donación Coco Sarti, Noviembre 2016 | 611 80 SPA | 3727 | 30/11/2016 | Ej.1 | 30/11/2016 | Libros | Donación Coco Sarti, Noviembre 2016 Hemeroteca 2022 |